United States Postage Stamps of the Twentieth Century, The (Record no. 973)
[ view plain ]
| 000 -LEADER | |
|---|---|
| fixed length control field | 00323nam a22001217a 4500 |
| 003 - CONTROL NUMBER IDENTIFIER | |
| control field | OSt |
| 008 - FIXED-LENGTH DATA ELEMENTS--GENERAL INFORMATION | |
| fixed length control field | 150301b xxu||||| |||| 00| 0 eng d |
| 041 ## - LANGUAGE CODE | |
| Language code of text/sound track or separate title | eng |
| 100 1# - MAIN ENTRY--PERSONAL NAME | |
| Personal name | Johl, Max G. |
| 245 10 - TITLE STATEMENT | |
| Title | United States Postage Stamps of the Twentieth Century, The |
| 246 10 - VARYING FORM OF TITLE | |
| Title proper/short title | Volume Four 1934 - 1937 Commemoratives |
| 300 ## - PHYSICAL DESCRIPTION | |
| Extent | 0 pages |
| Withdrawn status | Lost status | Source of classification or shelving scheme | Damaged status | Not for loan | Collection code | Permanent Location | Current Location | Date acquired | Total Checkouts | Full call number | Barcode | Date last seen | Price effective from | Koha item type |
|---|---|---|---|---|---|---|---|---|---|---|---|---|---|---|
| David and Susan Bushard | Northern Philatelic Library | Northern Philatelic Library | 03/01/2015 | G3700 P964 J653 | 1000711 | 06/28/2015 | 06/28/2015 | Books | ||||||
| Northern Philatelic Library | Northern Philatelic Library | 03/18/2017 | G3700 P964 J653 | 1003230 | 03/18/2017 | 03/18/2017 | Books |